Polymer science (Record no. 206)

000 -LEADER
fixed length control field 00383nam a22001577a 4500
008 - FIXED-LENGTH DATA ELEMENTS--GENERAL INFORMATION
fixed length control field 160915b xxu||||| |||| 00| 0 eng d
020 ## - INTERNATIONAL STANDARD BOOK NUMBER
International Standard Book Number 8127219894(pbk.)
082 ## - DEWEY DECIMAL CLASSIFICATION NUMBER
Edition number 23
Classification number 547.7
Item number NAY
100 ## - MAIN ENTRY--PERSONAL NAME
Personal name Nayak,Padma L
245 ## - TITLE STATEMENT
Title Polymer science
250 ## - EDITION STATEMENT
Edition statement 1st ed.
260 ## - PUBLICATION, DISTRIBUTION, ETC. (IMPRINT)
Place of publication, distribution, etc. New Delhi
Name of publisher, distributor, etc. Kalyani Publishers
Date of publication, distribution, etc. 2005
300 ## - PHYSICAL DESCRIPTION
Extent 563p
Dimensions 23 cm.
650 ## - SUBJECT ADDED ENTRY--TOPICAL TERM
Topical term or geographic name as entry element Science
942 ## - ADDED ENTRY ELEMENTS (KOHA)
Source of classification or shelving scheme
Koha item type Books
Holdings
Withdrawn status Lost status Source of classification or shelving scheme Damaged status Not for loan Collection code Permanent location Current location Shelving location Date acquired Coded location qualifier Cost, normal purchase price Full call number Barcode Date last seen Cost, replacement price Price effective from Koha item type Materials specified (bound volume or other part) Total Checkouts Date last checked out
          Chemistry Section Maulana Azad Central Library Maulana Azad Central Library General Stacks 2016-09-15 CHE 250.00 547.7 NAY 20512 2016-09-15 250.00 2016-09-15 Books      
          Chemistry Section Maulana Azad Central Library Maulana Azad Central Library General Stacks 2016-11-10 CHE 250.00 547.7 NAY 20511 2018-03-26   2016-11-10 Books PB 2 2018-03-19

Copyright @ USTM
Techno City, Kiling Road, Baridua, 9th Mile,
Ri-Bhoi, Meghalaya-793101

Powered by Koha